000 00374nam a2200145Ia 4500
008 231129s1999||||xx |||||||||||||| ||spa||
020 _a958-682-049-1
040 _bspa
082 _a621.38 S915s
100 _aStremler Ferrel G.
245 0 _aSistemas de comunicación
260 _c1999
264 _aAlfaomega
942 _2ddc
_cBKS
999 _c24679
_d24679